Статистический анализ нейтронно-физических активных зон ВВЭР. Подготовка к обработке и статистический анализ измеряемых нейтронно-физических параметров активных зон ВВЭР

Бібліографічні деталі
Автор: Ионов В. Валерий
Резюме:Представлены основы и расчетные средства для статистического исследования измеряемых нейтронно физических параметров активных зон ядерных установок типа ВВЭР. Для исследований значений токов, реактивности, обратного периода активной зоны, времени жизни нейтронов, коэффициентов реактивности, подкритичности и т.п. приводятся: методики обработки данных и математические модели, средства вычисления параметров точности и статистических критериев, подготовленные средства обработки данных и расчетов, компиляции материалов по методикам статистического анализа, результаты демонстрационного анализа чувствительности значений параметров к влияющим величинам, порядок и примеры обработки данных для зарегистрированных процессов.
Мова:Російська
Опубліковано: Германия, LAP Lambert Academic Publishing, 2013
Предмети:
Формат: MixedMaterials Книга
KOHA link:https://koha.lib.tpu.ru/cgi-bin/koha/opac-detail.pl?biblionumber=311000

MARC

LEADER 00000nam0a2200000 4500
001 311000
005 20231102002337.0
010 |a 9783659449444 
035 |a (RuTPU)RU\TPU\book\336355 
090 |a 311000 
100 |a 20151201d2013 k y0rusy50 ca 
101 0 |a rus 
102 |a DE 
105 |a a z 001zy 
200 1 |a Статистический анализ нейтронно-физических активных зон ВВЭР. Подготовка к обработке и статистический анализ измеряемых нейтронно-физических параметров активных зон ВВЭР  |f В. Ионов 
210 |a Германия  |c LAP Lambert Academic Publishing  |d 2013 
215 |a 288 с.  |c ил. 
320 |a Библиогр.: с. 256-257. 
330 |a Представлены основы и расчетные средства для статистического исследования измеряемых нейтронно физических параметров активных зон ядерных установок типа ВВЭР. Для исследований значений токов, реактивности, обратного периода активной зоны, времени жизни нейтронов, коэффициентов реактивности, подкритичности и т.п. приводятся: методики обработки данных и математические модели, средства вычисления параметров точности и статистических критериев, подготовленные средства обработки данных и расчетов, компиляции материалов по методикам статистического анализа, результаты демонстрационного анализа чувствительности значений параметров к влияющим величинам, порядок и примеры обработки данных для зарегистрированных процессов. 
606 1 |a Ядерные реакторы водо-водяные  |2 stltpush  |3 (RuTPU)RU\TPU\subj\65806  |9 82174 
610 1 |a нейтронно-физические параметры 
610 1 |a измеряемые параметры 
610 1 |a рассчитываемые параметры 
610 1 |a восстановление 
610 1 |a погрешности 
610 1 |a измерения 
610 1 |a данные 
610 1 |a обработка 
675 |a 621.039.577  |v 4 
700 1 |a Ионов  |b В.  |g Валерий 
801 1 |a RU  |b 63413507  |c 20151201 
801 2 |a RU  |b 63413507  |c 20160415  |g RCR 
900 |a Ядерные энергетические технологии 
900 |a Ядерные энергетические реакторы 
942 |c BK 
959 |a 151/20151201  |d 1  |e 0  |f ЧЗТЛ:1